[Event "Washington Open"]
[Site "Redmond, WA"]
[Date "2008.05.25"]
[Round "1"]
[White "Avril, Aaron"]
[Black "Gale, Geoff"]
[Result "0-1"]
[WhiteElo "1002"]
[BlackElo "2038"]
[PlyCount "102"]
[EventDate "2008.05.??"]
[SourceDate "2008.05.24"]

1. c4 e6 2. g3 d5 3. d4 Nf6 4. Nc3 Be7 5. Nf3 O-O 6. Bg2 dxc4 7. e3 Nbd7 8. Qe2
a6 9. Nd2 c5 10. Nxc4 Rb8 11. a4 Nb6 12. dxc5 Bxc5 13. a5 Nbd5 14. Na4 Be7 15.
O-O Bd7 16. Rd1 Qe8 17. Nab6 Bb5 18. e4 Nxb6 19. axb6 Qc6 20. b3 Bxc4 21. bxc4
Qxb6 22. e5 Ne8 23. Be3 Qc7 24. Be4 a5 25. Rdb1 Bb4 26. Ra2 Qe7 27. Qh5 g6 28.
Bg5 Qc7 29. Qe2 Ng7 30. Rd1 Rbc8 31. Rd4 Qxe5 32. Rd8 Rcxd8 33. Bxd8 Rxd8 34.
Bxb7 Qxe2 35. Rxe2 Rd1+ 36. Kg2 Rc1 37. Ba6 Nf5 38. Re5 Nd6 39. Re2 Nxc4 40.
Ra2 Kf8 41. Kf3 Ke7 42. Ke4 Kd6 43. Kd4 e5+ 44. Kd3 Kc5 45. f4 Rd1+ 46. Kc2
Rd2+ 47. Kb3 Rxa2 48. Kxa2 e4 49. Kb3 Nb6 50. g4 a4+ 51. Ka2 Nc4 0-1

[Event "Washington Open"]
[Site "Redmond, WA"]
[Date "2008.05.24"]
[Round "1"]
[White "Cloy, Elston"]
[Black "Naus, Mark"]
[Result "0-1"]
[WhiteElo "1965"]
[BlackElo "2155"]
[PlyCount "120"]
[EventDate "2008.05.??"]
[SourceDate "2008.05.24"]

1. d4 Nf6 2. c4 g6 3. Nc3 Bg7 4. e4 d6 5. Nf3 O-O 6. Be2 e5 7. O-O Nc6 8. d5
Ne7 9. Ne1 Nd7 10. Nd3 f5 11. f3 f4 12. Bd2 g5 13. Rc1 Rf6 14. c5 Nxc5 15. Nxc5
dxc5 16. b4 cxb4 17. Na4 b6 18. Bxb4 Ng6 19. Qb3 Kh8 20. Qc3 Bd7 21. Nb2 c5 22.
dxc6 Rxc6 23. Qd2 a5 24. Ba3 b5 25. Rcd1 Qb6+ 26. Kh1 Be6 27. Nd3 b4 28. Bc1
Rac8 29. Ne1 Bf8 30. Bd3 Bc5 31. Nc2 Kg7 32. Qe2 Be7 33. Na1 a4 34. Rfe1 Rc5
35. Bd2 R5c7 36. Bc1 b3 37. axb3 axb3 38. Bb2 Bb4 39. Rf1 Qe3 40. Rb1 Qxe2 41.
Bxe2 Kf6 42. Bd1 Bc4 43. Bxb3 Bxf1 44. Rxf1 Bc3 45. Ba3 Bd4 46. g3 Ra7 47. Nc2
Rxc2 48. Bxc2 Rxa3 49. Bd1 Ra1 50. Kg2 Nf8 51. h4 h6 52. Kh3 Nd7 53. Kg4 Nb6
54. hxg5+ hxg5 55. gxf4 gxf4 56. Rh1 Kg6 57. Rf1 Nc4 58. Kh4 Ne3 59. Rg1+ Kf6
60. Kh5 Rxd1 0-1

[Event "Washington Open"]
[Site "Redmond, WA"]
[Date "2008.05.24"]
[Round "1"]
[White "Do, Nhon"]
[Black "Countryman, Zachary"]
[Result "1-0"]
[WhiteElo "2094"]
[BlackElo "1726"]
[PlyCount "39"]
[EventDate "2008.05.??"]
[SourceDate "2008.05.24"]

1. Nf3 g6 2. e4 Bg7 3. Bc4 e6 4. Nc3 c5 5. O-O Nc6 6. Re1 a6 7. a4 Qa5 8. Ra3
Nge7 9. d3 Nd4 10. Bf4 Nec6 11. Nd5 Nxf3+ 12. gxf3 e5 13. Be3 Nd4 14. c3 Ne6
15. b4 Qd8 16. bxc5 Qh4 17. Kh1 Nf4 18. Nc7+ Kd8 19. Nxa8 d5 20. Bxf4 1-0

[Event "Washington Open"]
[Site "Redmond, WA"]
[Date "2008.05.24"]
[Round "1"]
[White "Gay, Daniel"]
[Black "Collyer, Curt"]
[Result "0-1"]
[WhiteElo "1983"]
[BlackElo "2259"]
[PlyCount "80"]
[EventDate "2008.05.??"]
[SourceDate "2008.05.24"]

1. e4 d6 2. d4 Nf6 3. Nc3 c6 4. Bg5 Nbd7 5. f4 Qa5 6. Qd2 e5 7. Nf3 Be7 8.
O-O-O O-O 9. Kb1 Re8 10. Bd3 Qc7 11. Rhf1 b5 12. fxe5 dxe5 13. dxe5 Ng4 14. Qf4
Ndxe5 15. h3 Bxg5 16. Qxg5 f6 17. Qf4 Nh6 18. g4 Nhf7 19. Nd4 a6 20. Nf3 Ra7
21. Be2 Nxf3 22. Qxc7 Rxc7 23. Bxf3 Rce7 24. Bg2 Re5 25. Ne2 h5 26. Bf3 hxg4
27. hxg4 Ng5 28. Nd4 Nxf3 29. Nxf3 Rxe4 30. g5 Bh3 31. Rg1 Bg4 32. gxf6 Bxf3
33. Rxg7+ Kf8 34. Rc1 R4e6 35. Ra7 c5 36. a3 Rxf6 37. Rf1 Re7 38. Ra8+ Kf7 39.
Rc8 c4 40. Rd8 Re2 0-1

[Event "Washington Open"]
[Site "Redmond, WA"]
[Date "2008.05.25"]
[Round "1"]
[White "Goodfellow, Robert"]
[Black "Carr, Leroy Dillon"]
[Result "1/2-1/2"]
[WhiteElo "1476"]
[BlackElo "1469"]
[PlyCount "69"]
[EventDate "2008.05.??"]
[SourceDate "2008.05.24"]

1. c4 Nf6 2. b3 g6 3. Bb2 Bg7 4. Nf3 O-O 5. g3 d6 6. Bg2 e5 7. Nc3 Re8 8. Ng5
c6 9. Nge4 Nxe4 10. Bxe4 f5 11. Bc2 f4 12. d3 b5 13. cxb5 cxb5 14. Nxb5 Qa5+
15. Nc3 e4 16. d4 e3 17. f3 Nc6 18. a3 Bxd4 19. b4 Qe5 20. Qd3 d5 21. g4 Rb8
22. O-O-O Ba6 23. Qxa6 Bxc3 24. Qxc6 Bxb2+ 25. Kb1 Bxa3 26. Qxd5+ Qxd5 27. Rxd5
Rxb4+ 28. Ka2 Rb2+ 29. Kxa3 Rxc2 30. Re1 Rec8 31. Ra5 R8c7 32. h4 Rd2 33. Kb3
Rcc2 34. Kb4 Rb2+ 35. Ka3 {remaining moves unclear. Drawn on move 44.} 1/2-1/2

[Event "Washington Open"]
[Site "Redmond, WA"]
[Date "2008.05.24"]
[Round "1"]
[White "Guo, Alex"]
[Black "Poitras, Luc"]
[Result "1-0"]
[WhiteElo "2054"]
[BlackElo "2223"]
[PlyCount "77"]
[EventDate "2008.05.??"]
[SourceDate "2008.05.24"]

1. c4 c5 2. Nc3 e6 3. Nf3 d5 4. cxd5 exd5 5. d4 Nf6 6. Bg5 Be6 7. e3 Nbd7 8.
Bd3 c4 9. Bc2 Qa5 10. O-O Bb4 11. Ne2 Ne4 12. Ng3 f6 13. Nh5 fxg5 14. Nxg7+ Kf7
15. Nxe6 Kxe6 16. Nxg5+ Nxg5 17. Qg4+ Kd6 18. Qxg5 Kc7 19. a3 Bd6 20. b4 Qb5
21. a4 h6 22. Qf5 Qxb4 23. Qxd5 Raf8 24. Rab1 Nb6 25. Qh5 Qd2 26. Be4 c3 $2 27.
a5 Nd7 28. Rxb7+ Kd8 29. Qd5 Rf6 30. Bf5 Rh7 31. Bxh7 c2 32. Bxc2 Qxc2 33. Rxa7
Qe2 34. g3 Qg4 35. a6 h5 36. Ra8+ Ke7 37. Rg8 Rg6 38. Rxg6 Qxg6 39. a7 1-0

[Event "Washington Open"]
[Site "Redmond, WA"]
[Date "2008.05.24"]
[Round "1"]
[White "Harmon, Luke"]
[Black "Levy, Mireya"]
[Result "1-0"]
[WhiteElo "1859"]
[BlackElo "1661"]
[PlyCount "99"]
[EventDate "2008.05.??"]
[SourceDate "2008.05.24"]

1. e4 d5 2. exd5 Nf6 3. d4 Bg4 4. Be2 Bxe2 5. Qxe2 Qxd5 6. Nf3 Nc6 7. c4 Qf5 8.
Nc3 h6 9. O-O O-O-O 10. d5 Nb4 11. Qe5 Qd7 12. a3 Nd3 13. Qd4 Nxc1 14. Qxa7 Qd6
15. Raxc1 Qa6 16. Qxa6 bxa6 17. Ne5 Rg8 18. Nxf7 Re8 19. Rfe1 g5 20. Re6 h5 21.
Na4 Nd7 22. c5 Rg7 23. Nh6 Rh7 24. Nf5 Rf7 25. Ne3 Rf4 26. Rxa6 Kb7 27. Ra5 c6
28. b4 Ne5 29. b5 cxb5 30. c6+ Kc7 31. Ra7+ Kd6 32. Nc3 Nd3 33. Nxb5+ Ke5 34.
Rf1 e6 35. g3 Rf3 36. Nc7 Rc8 37. Nxe6 g4 38. Ng5 Rf6 39. Rd1 Nxf2 40. Nc4+ Kf5
41. Kxf2 Bc5+ 42. Kg2 Bxa7 43. Nf7 Kg6 44. Nfe5+ Kg7 45. Rf1 Rxf1 46. Kxf1 Rf8+
47. Ke2 Bc5 48. c7 Re8 49. d6 Bxd6 50. Nxd6 1-0

[Event "Washington Open"]
[Site "Redmond, WA"]
[Date "2008.05.24"]
[Round "1"]
[White "Moshiri, Ata"]
[Black "Bartron, Paul"]
[Result "0-1"]
[WhiteElo "1686"]
[BlackElo "2127"]
[Annotator "Harrison"]
[PlyCount "82"]
[EventDate "2008.05.??"]
[SourceDate "2008.05.24"]

1. c4 e6 2. Nc3 d5 3. d4 c6 4. Nf3 Nf6 5. Bg5 Nbd7 6. e4 dxe4 7. Nxe4 Be7 8.
Bd3 Nxe4 9. Bxe7 Qxe7 (9... Nxf2 10. Bxd8 Nxd1 11. Rxd1 Kxd8 $15) 10. Bxe4 Qb4+
11. Qd2 Qxc4 12. b3 Qb5 13. Bd3 Qh5 14. O-O O-O 15. Rfe1 b6 16. Re4 Qa5 17. b4
Qd5 18. Rh4 f5 19. Re1 a5 20. Qe2 b5 21. a4 axb4 22. axb5 Ra2 23. Qf1 cxb5 24.
Bxb5 Nb6 25. Rb1 b3 26. Qd3 b2 27. Qe2 Bb7 28. h3 Qb3 29. Nd2 {Diagram #} Ra1
$1 30. Bd3 Qd5 31. f3 Rc8 32. Kf2 Rxb1 33. Nxb1 Na4 34. Qd2 Qd8 35. g3 Qd5 36.
Qe2 Nc3 37. Nxc3 Rxc3 38. Rf4 Ba6 39. Qxb2 Rb3 40. Qxb3 Qxb3 41. Bxa6 g5 0-1

[Event "Washington Open"]
[Site "Redmond, WA"]
[Date "2008.05.24"]
[Round "1"]
[White "Perez, Ignacio"]
[Black "Kelley, Dereque"]
[Result "1-0"]
[WhiteElo "2320"]
[BlackElo "2072"]
[Annotator "Perez / Kelley"]
[PlyCount "59"]
[EventDate "2008.05.??"]
[SourceDate "2008.05.24"]

1. e4 c5 2. Nf3 Nc6 3. d4 cxd4 4. Nxd4 Nf6 5. Nc3 e5 6. Ndb5 d6 7. Nd5 Nxd5 8.
exd5 Nb8 9. a4 Be7 10. Be2 O-O 11. O-O f5 12. Be3 a6 13. Na7 Nd7 14. f3 Bg5 15.
Bf2 Rf6 16. Nxc8 Rxc8 17. Ra3 Rf7 (17... Rh6 18. Rb3 Bf4 19. g3 Qg5 {
was the subject of the post-mortem discussion.}) 18. a5 Bh4 19. g3 Bf6 20. b4
e4 21. fxe4 fxe4 22. Bg4 Re7 23. Be6+ Kh8 24. Qe2 Qc7 25. Rb1 Qxc2 26. Qxc2
Rxc2 27. b5 axb5 28. Rxb5 Ne5 29. a6 Nf3+ 30. Kf1 1-0

[Event "Washington Open"]
[Site "Redmond, WA"]
[Date "2008.05.25"]
[Round "1"]
[White "Perez, Juan"]
[Black "Bragg, David"]
[Result "0-1"]
[WhiteElo "1707"]
[BlackElo "2210"]
[PlyCount "68"]
[EventDate "2008.05.??"]
[SourceDate "2008.05.24"]

1. e4 c6 2. d4 d5 3. e5 Bf5 4. g4 Be4 5. f3 Bg6 6. f4 Be4 7. Nf3 h5 8. Nc3 hxg4
9. Nxe4 gxf3 10. Ng5 f2+ 11. Kxf2 e6 12. Bd3 Qb6 13. Qg4 Nh6 14. Qh5 c5 15. Re1
c4 16. f5 cxd3 17. fxe6 Qxd4+ 18. Kf1 d2 19. Bxd2 Qxd2 20. Re2 Qf4+ 21. Rf2
Qc4+ 22. Ke1 Bb4+ 23. c3 Bxc3+ 24. bxc3 Qxc3+ 25. Kf1 Qxa1+ 26. Kg2 Qxe5 27.
exf7+ Nxf7 28. Qxf7+ Kd8 29. Ne6+ Kc8 30. h3 Nc6 31. Rf5 Qd6 32. Rg5 Qd7 33.
Qf5 Re8 34. Rg6 d4 0-1

[Event "Washington Open"]
[Site "Redmond, WA"]
[Date "2008.05.25"]
[Round "1"]
[White "Pupols, Viktors"]
[Black "Gordon, Seth"]
[Result "1-0"]
[WhiteElo "2214"]
[BlackElo "1375"]
[PlyCount "103"]
[EventDate "2008.05.??"]
[SourceDate "2008.05.24"]

1. d4 d5 2. c4 e6 3. Nc3 Nf6 4. Bg5 Be7 5. e3 a6 6. cxd5 Nxd5 7. Bxe7 Qxe7 8.
Bd3 b6 9. Nxd5 exd5 10. Qc2 Qb4+ 11. Ke2 h6 12. Nf3 Qd6 13. Rac1 Ra7 14. h3 O-O
15. Rhd1 f6 16. Kf1 c6 17. Qb3 Rb7 18. Kg1 Be6 19. a3 Rff7 20. Qc2 Rfc7 21. b4
Ra7 22. Qb2 Nd7 23. a4 c5 24. dxc5 bxc5 25. bxc5 Nxc5 26. Qa3 Qe7 27. Nd4 Bd7
28. a5 Be8 29. Rb1 Nxd3 30. Qxd3 Qe4 31. Qd2 Ba4 32. Rdc1 Rcb7 33. Rxb7 Rxb7
34. Rc8+ Kf7 35. Qc3 Qe5 36. f4 Qd6 37. Kh2 h5 38. Qd3 Bd7 39. Rc1 g5 40. Qh7+
Ke8 41. Qxh5+ Kd8 42. Qh8+ Be8 43. Rc6 {
Here white had about 1 minute of time remaining in sudden death.} Qe7 44. Qxf6
Qxf6 45. Rxf6 gxf4 46. exf4 Rb4 47. Nf3 d4 48. Rd6+ Kc7 49. Rxd4 Rxd4 50. Nxd4
Kd6 51. g4 Kd5 52. Nc2 {and in the time scramble the white knight first forked
the black king and pawn, and then the king and bishop.} 1-0

[Event "Washington Open"]
[Site "Redmond, WA"]
[Date "2008.05.24"]
[Round "1"]
[White "Selzler, Ricky"]
[Black "Rozenfeld, Yevgeniy"]
[Result "1-0"]
[WhiteElo "2156"]
[BlackElo "1960"]
[PlyCount "37"]
[EventDate "2008.05.??"]
[SourceDate "2008.05.24"]

1. d4 d5 2. c4 dxc4 3. e3 e5 4. Bxc4 exd4 5. Qb3 Qe7 6. a3 g6 7. Nf3 Bg7 8. O-O
d3 9. e4 Nc6 10. Nc3 Ne5 11. Nxe5 Bxe5 {Diagram #} 12. Bxf7+ Kf8 13. Bxg8 Rxg8
14. Bh6+ Bg7 15. Nd5 Qd8 16. Bf4 c5 17. Nc7 Qf6 18. Bg3 Qxb2 19. Bd6# 1-0

[Event "Washington Open"]
[Site "Redmond, WA"]
[Date "2008.05.24"]
[Round "1"]
[White "Skulsky, Ian"]
[Black "Wilson, Matthew"]
[Result "1-0"]
[WhiteElo "2138"]
[BlackElo "1863"]
[PlyCount "155"]
[EventDate "2008.05.??"]
[SourceDate "2008.05.24"]

1. b4 e6 2. Bb2 Nf6 3. a3 b6 4. Nf3 Bb7 5. e3 Be7 6. Be2 O-O 7. c4 d6 8. Qc2
Nbd7 9. Nc3 a5 10. O-O axb4 11. axb4 c5 12. Rxa8 Bxa8 13. bxc5 bxc5 14. h3 Qb6
15. Rb1 Qc6 16. Ne1 Rb8 17. Bf3 Qc8 18. Nb5 Ne5 19. Bxe5 dxe5 20. d3 Bxf3 21.
Nxf3 Nd7 22. Kf1 f6 23. Ra1 Ra8 24. Qb2 Rxa1+ 25. Qxa1 Qb7 26. Nd2 Nb6 27. Qa7
Qxa7 28. Nxa7 Kf7 29. Nc6 Bf8 30. Ne4 Ke8 31. f3 Kd7 32. Na5 Be7 33. Ke2 f5 34.
Nc3 g6 35. g4 Bf6 36. Kd2 Bg5 37. Nb5 Nc8 38. Nc3 Nb6 39. Ke2 Be7 40. e4 Bd8
41. Nb7 Be7 42. Kd1 Kc7 43. Na5 Bg5 44. Nb5+ Kd7 45. Nb7 Be7 46. Kc2 Kc6 47.
Na5+ Kd7 48. Kb3 Bg5 49. Nb7 Be7 50. Nc3 fxg4 51. fxg4 Kc7 52. Na5 Bf8 53. Ka3
Be7 54. Nb3 Kc6 55. Nd2 Bf6 56. Nf3 Kd6 57. g5 Bg7 58. Nd1 Bf8 59. Ne3 Bg7 60.
Ng4 Bh8 61. Nh6 Ke7 62. Nd2 Bg7 63. Ng4 Kd6 64. Nb3 Kc6 65. Nd2 Kd6 66. Nb1 Bh8
67. Nc3 Bg7 68. Kb3 Bh8 69. Na4 Nd7 70. Nc3 Nb6 71. Nb5+ Kc6 72. Nh6 Bg7 73.
Nf7 Kd7 74. Nfd6 Bh8 75. Nb7 Kc6 76. Na5+ Kd7 77. Nc3 Kd6 78. Na4 {remaining mo
ves not recorded due to time pressure. Black played on until checkmate.} 1-0

[Event "Washington Open"]
[Site "Redmond, WA"]
[Date "2008.05.24"]
[Round "2"]
[White "Bartron, Paul"]
[Black "Lee, Michael"]
[Result "1/2-1/2"]
[WhiteElo "2127"]
[BlackElo "2314"]
[PlyCount "59"]
[EventDate "2008.05.??"]
[SourceDate "2008.05.24"]

1. d4 Nf6 2. c4 c5 3. e3 cxd4 4. exd4 d5 5. Nc3 Nc6 6. Nf3 Bg4 7. cxd5 Nxd5 8.
Be2 e6 9. O-O Be7 10. Qb3 Qb6 11. Qxb6 Nxb6 12. h3 Bh5 13. Bf4 O-O 14. Rfd1 Nb4
15. g4 Bg6 16. Ne5 N6d5 17. Nxg6 hxg6 18. Bg3 Rac8 19. Nxd5 Nxd5 20. Rac1 Bg5
21. Rc4 Rxc4 22. Bxc4 Rc8 23. Bb3 Rc1 24. Bb8 a6 25. Rxc1 Bxc1 26. Bxd5 exd5
27. b3 g5 28. Kf1 Kf8 29. Bd6+ Ke8 30. Ke2 1/2-1/2

[Event "Washington Open"]
[Site "Redmond, WA"]
[Date "2008.05.25"]
[Round "2"]
[White "Bragg, David"]
[Black "Raptis, Nick"]
[Result "0-1"]
[WhiteElo "2210"]
[BlackElo "2306"]
[PlyCount "54"]
[EventDate "2008.05.??"]
[SourceDate "2008.05.24"]

1. e4 e6 2. d4 d5 3. exd5 exd5 4. Bd3 Nc6 5. c3 Bd6 6. Qf3 Nge7 7. Ne2 Be6 8.
Bf4 Ng6 9. Bg3 Nce7 10. Nd2 Qd7 11. Nb3 b6 12. c4 c6 13. Bxd6 dxc4 14. Bxg6
Qxd6 15. Be4 cxb3 16. O-O bxa2 17. Nf4 Bd5 18. Nxd5 cxd5 19. Bc2 O-O 20. Rxa2
a5 21. Qd3 g6 22. f4 Rac8 23. g4 Nc6 24. Bb1 Nb4 25. Qh3 Nxa2 26. f5 Rc1 27.
Bxa2 Qf4 0-1

[Event "Washington Open"]
[Site "Redmond, WA"]
[Date "2008.05.24"]
[Round "2"]
[White "Carr, Leroy Dillon"]
[Black "Readey, John"]
[Result "0-1"]
[WhiteElo "1469"]
[BlackElo "2296"]
[PlyCount "35"]
[EventDate "2008.05.??"]
[SourceDate "2008.05.24"]

1. e4 d6 2. d4 Nf6 3. Nc3 g6 4. f4 Bg7 5. Nf3 c5 6. dxc5 Qa5 7. Bd2 Qxc5 8. b4
Qb6 9. e5 dxe5 10. fxe5 Ng4 11. Qe2 Nc6 12. Na4 Qc7 13. O-O-O Ncxe5 14. Bf4
Nd3+ 15. Qxd3 Qxf4+ 16. Qd2 Qxd2+ 17. Rxd2 Bh6 18. Bb5+ 0-1

[Event "Washington Open"]
[Site "Redmond, WA"]
[Date "2008.05.24"]
[Round "2"]
[White "Chan, James"]
[Black "Moshiri, Ata"]
[Result "1-0"]
[WhiteElo "1963"]
[BlackElo "1686"]
[PlyCount "97"]
[EventDate "2008.05.??"]
[SourceDate "2008.05.24"]

1. e4 c5 2. Nf3 Nc6 3. d4 cxd4 4. Nxd4 Nf6 5. Nc3 e5 6. Ndb5 d6 7. Bg5 a6 8.
Na3 b5 9. Nd5 Be7 10. Bxf6 Bxf6 11. c3 Bg5 12. Nc2 O-O 13. a4 Rb8 14. b4 f5 15.
Bd3 Be6 16. O-O Bxd5 17. exd5 Ne7 18. c4 e4 19. Be2 Bf6 20. Ra2 bxc4 21. Bxc4
Qb6 22. a5 Qa7 23. Qe2 Kh8 24. Kh1 Bc3 25. Rb1 Rf6 26. Qe3 Qxe3 27. fxe3 f4 28.
exf4 Rxf4 29. g3 Rf2 30. Rb3 Be5 31. Re3 Nf5 32. Rxe4 Bxg3 33. Re2 Rf3 34. hxg3
Nxg3+ 35. Kg2 Rbf8 36. Nd4 Rc3 37. Rec2 Re3 38. Bxa6 Ne4 39. Rc8 Kg8 40. Ne6
Rxc8 41. Bxc8 h5 42. a6 h4 43. a7 h3+ 44. Kh2 Nf6 45. Ng5 g6 46. Be6+ Kg7 47.
a8=Q Ng4+ 48. Bxg4 Re2+ 49. Rxe2 1-0

[Event "Washington Open"]
[Site "Redmond, WA"]
[Date "2008.05.24"]
[Round "2"]
[White "Do, Nhon"]
[Black "Perez, Ignacio"]
[Result "0-1"]
[WhiteElo "2094"]
[BlackElo "2320"]
[PlyCount "60"]
[EventDate "2008.05.??"]
[SourceDate "2008.05.24"]

1. Nf3 Nf6 2. g3 g6 3. Bg2 Bg7 4. c4 O-O 5. Nc3 d6 6. O-O e5 7. d3 Nc6 8. Rb1
a5 9. a3 h6 10. b4 axb4 11. axb4 Nh7 12. Nd5 Ne7 13. Qc2 Nxd5 14. cxd5 Nf6 15.
Nd2 Bg4 16. Nc4 Qd7 17. Ne3 Bh3 18. Bxh3 Qxh3 19. Qxc7 Rfc8 20. Qxd6 Nd7 21. g4
Rd8 22. Bb2 Bf8 23. Qc7 Rab8 24. Qa5 Bd6 25. f3 e4 26. Rf2 exd3 27. exd3 Ne5
28. Bxe5 Bxe5 29. Qb6 Rd6 30. Qa7 Rf6 {remaining moves indecipherable.} 0-1

[Event "Washington Open"]
[Site "Redmond, WA"]
[Date "2008.05.25"]
[Round "2"]
[White "Gale, Geoff"]
[Black "Pupols, Viktors"]
[Result "0-1"]
[WhiteElo "2038"]
[BlackElo "2214"]
[Annotator "Harrison"]
[PlyCount "124"]
[EventDate "2008.05.??"]
[SourceDate "2008.05.24"]

1. e4 d6 2. d4 Nf6 3. Nc3 c6 4. f4 Bg4 5. Nf3 d5 6. e5 Ne4 7. Bd3 Nxc3 8. bxc3
e6 9. O-O c5 10. h3 Bxf3 11. Rxf3 c4 12. Bf1 g6 13. a4 Nc6 14. Ba3 Bxa3 15.
Rxa3 h5 16. g3 Qa5 17. Ra1 O-O-O 18. Qc1 Kb8 19. Qa3 Ka8 20. Bg2 Rd7 21. Rb1
Rc8 22. Rb5 Qd8 23. a5 a6 24. Rb6 Na7 25. Rb4 Qe7 26. Qa1 Rc6 27. Rf1 Nb5 28.
Rfb1 g5 29. f5 exf5 30. Rxb5 axb5 31. Rxb5 Qe6 32. Qd1 f6 33. Qxh5 fxe5 34.
Qh8+ Ka7 35. dxe5 Qe7 36. e6 Rxe6 37. Qd4+ Kb8 38. Bxd5 Re1+ 39. Kg2 Qe2+ 40.
Qf2 Qxf2+ 41. Kxf2 Re5 42. Bxc4 Rd2+ 43. Kf3 Rxb5 44. Bxb5 Rxc2 45. c4 Rc3+ 46.
Kf2 Kc7 47. a6 bxa6 48. Bxa6 Kd6 49. Kg2 Ke5 50. h4 gxh4 51. gxh4 Kf4 52. h5
Kg5 53. Bb5 Kxh5 54. Be8+ Kg4 55. Bf7 Rc2+ 56. Kf1 Kf4 57. Bg8 Ke4 58. Be6 f4
59. Kg1 Ke3 60. Bh3 Rxc4 61. Bg2 f3 62. Bh3 Rh4 {Here Vik stopped recording
moves because, as usual for him, his flag was hanging.} ({
I remember the finish was something like} 62... Rh4 63. Bf1 Rg4+ 64. Kh2 Kf2
65. Bh3 Rh4 {and white resigned because it's mate next move:} 66. Kh1 Rxh3#)
0-1

[Event "Washington Open"]
[Site "Redmond, WA"]
[Date "2008.05.25"]
[Round "2"]
[White "Gordon, Seth"]
[Black "Perez, Juan"]
[Result "1-0"]
[WhiteElo "1375"]
[BlackElo "1707"]
[PlyCount "40"]
[EventDate "2008.05.??"]
[SourceDate "2008.05.24"]

1. e4 d5 2. exd5 Qxd5 3. h3 Nf6 4. Nc3 Qd6 5. Nf3 Nc6 6. d4 a6 7. Bc4 b5 8. Bb3
Bb7 9. Ne2 Na5 10. Bf4 Qd8 11. Ng3 Nxb3 12. axb3 e6 13. O-O Be7 14. c4 O-O 15.
Ne5 c5 16. dxc5 Bxc5 17. Qc2 Qb6 18. Bg5 Ne8 19. Nd7 Qc6 20. Ne4 Qxe4 {
The scoresheet may have been inaccurate before this point. Remaining moves
indecipherable.} 1-0

[Event "Washington Open"]
[Site "Redmond, WA"]
[Date "2008.05.??"]
[Round "2"]
[White "Guo, Alex"]
[Black "Skulsky, Ian"]
[Result "1-0"]
[WhiteElo "2054"]
[BlackElo "2138"]
[PlyCount "113"]
[EventDate "2008.05.??"]
[SourceDate "2008.05.24"]

1. c4 a6 2. Nc3 c5 3. g3 Nc6 4. Bg2 Rb8 5. Nf3 g6 6. b3 Bg7 7. Bb2 b5 8. d3 Bb7
9. O-O Ba8 10. Qd2 d6 11. Nxb5 Nf6 12. Nc3 O-O 13. Nd5 Nxd5 14. Bxg7 Kxg7 15.
cxd5 Nb4 16. e4 a5 17. Bh3 h6 18. Qc3+ Kh7 19. Nh4 Qb6 20. Ng2 Qb5 21. Rfd1 a4
22. Ne3 Bb7 23. Bf1 Qd7 24. Nc4 axb3 25. axb3 Ba6 26. d4 Bxc4 27. Bxc4 cxd4 28.
Rxd4 Qb7 29. Ra4 Rfc8 30. Qd2 Qb6 31. e5 dxe5 32. Rh4 h5 33. Bf1 Nc2 34. Bd3 f5
35. Bxc2 e4 36. g4 e3 37. fxe3 Rxc2 38. Qxc2 Qxe3+ 39. Qf2 Qc1+ 40. Kg2 Rxb3
41. Ra2 Qg5 42. Re2 f4 43. Kg1 Rd3 44. Re1 Rxd5 45. Rh3 Qxg4+ 46. Qg2 Qd7 47.
Kh1 Rd1 48. Rg1 Rxg1+ 49. Kxg1 Qd1+ 50. Qf1 Qd4+ 51. Kh1 e5 52. Rf3 Kh6 53. Qd3
Qxd3 54. Rxd3 Kg5 55. Kg2 e4 56. Rd8 Kh4 57. Re8 1-0

[Event "Washington Open"]
[Site "Redmond, WA"]
[Date "2008.05.24"]
[Round "2"]
[White "Levy, Mireya"]
[Black "Wilson, Matthew"]
[Result "0-1"]
[WhiteElo "1661"]
[BlackElo "1863"]
[PlyCount "60"]
[EventDate "2008.05.??"]
[SourceDate "2008.05.24"]

1. e4 c5 2. d4 cxd4 3. c3 dxc3 4. Nxc3 Nc6 5. Nf3 d6 6. Bc4 e6 7. O-O Nf6 8.
Qe2 a6 9. Rd1 Qc7 10. Bf4 Ne5 11. Bb3 Be7 12. Rac1 Qb8 13. Na4 Nfd7 14. Nd4 b5
15. Bxe5 Nxe5 16. f4 bxa4 17. fxe5 axb3 18. exd6 Bxd6 19. e5 Bxe5 20. Nc6 Qb6+
21. Kh1 Bf6 22. Rd6 Bd7 23. Qh5 Qe3 24. Rf1 Bxc6 25. Rxc6 bxa2 26. Qa5 Qd3 27.
Rfc1 O-O 28. Qxa2 Rfd8 29. Re1 Qd2 30. Rf1 Qxb2 0-1

[Event "Washington Open"]
[Site "Redmond, WA"]
[Date "2008.05.25"]
[Round "2"]
[White "Watts, Peter"]
[Black "Avril, Aaron"]
[Result "1-0"]
[WhiteElo "1845"]
[BlackElo "1002"]
[PlyCount "34"]
[EventDate "2008.05.??"]
[SourceDate "2008.05.24"]

1. e4 a6 2. d4 b5 3. Nf3 Bb7 4. Bd3 Nf6 5. Qe2 e6 6. Bg5 Be7 7. Nbd2 d6 8. c4
c6 9. e5 bxc4 10. Nxc4 d5 11. Nd6+ Kf8 12. Nxb7 Bb4+ 13. Bd2 Qb6 14. Nc5 {
due to problems in the scoresheet I had to guess the following moves:} Ng4 (
14... Nh5 {may have been played}) 15. Bxb4 Qxb4+ 16. Qd2 a5 17. Qxb4 axb4 {
...and white won (remaining moves indecipherable).} 1-0

[Event "Washington Open"]
[Site "Redmond, WA"]
[Date "2008.05.24"]
[Round "2"]
[White "Rozenfeld, Yevgeniy"]
[Black "Shimota, Carl"]
[Result "1-0"]
[WhiteElo "1960"]
[BlackElo "1472"]
[Annotator "Harrison"]
[PlyCount "72"]
[EventDate "2008.05.??"]
[SourceDate "2008.05.24"]

1. e4 c5 2. Nf3 Nc6 3. d4 cxd4 4. Nxd4 e6 5. Nb5 d5 6. exd5 exd5 7. Qxd5 Qe7+
8. Be3 Nf6 9. Qd2 Bg4 10. Bd3 Rd8 11. N1c3 a6 12. Na3 g6 13. O-O Bg7 14. Rfe1
Be6 15. Bh6 O-O 16. Bxg7 Kxg7 17. Ne4 Nxe4 18. Rxe4 Qf6 19. Qc1 Ne5 20. Bc4 Bf5
21. Re1 Rd4 22. Be2 Rfd8 23. Rd1 Ng4 24. Bxg4 Bxg4 25. Rxd4 Qxd4 26. c3 Qb6 27.
Nc4 Qb5 28. Ne3 Be2 29. c4 Qg5 30. Qc3+ Kg8 31. Nd5 Rd6 32. Re1 Re6 33. g3 Bxc4
34. Rxe6 fxe6 35. Nf6+ Kf7 36. Ne4 Qd5 {Diagram #} (36... Qd5 37. Qxc4 Qxc4 38.
Nd6+) 1-0

[Event "Washington Open"]
[Site "Redmond, WA"]
[Date "2008.05.24"]
[Round "2"]
[White "Yu, Corbin"]
[Black "Selzler, Ricky"]
[Result "1-0"]
[WhiteElo "2085"]
[BlackElo "2156"]
[Annotator "Harrison"]
[PlyCount "54"]
[EventDate "2008.05.??"]
[SourceDate "2008.05.24"]

1. Nf3 Nf6 2. g3 g6 3. Bg2 Bg7 4. O-O O-O 5. c4 d6 6. Nc3 Nbd7 7. Qc2 a6 8. b3
Rb8 9. a4 a5 10. d4 c6 11. Ba3 c5 12. Rad1 cxd4 13. Nxd4 Qb6 14. Rfe1 Nc5 15.
h3 Ne6 16. Ndb5 Bd7 17. e4 Bxb5 18. axb5 Nd7 19. Nd5 Qd8 20. Bb2 Nec5 21. Bxg7
Kxg7 22. Ra1 e6 23. Qc3+ Kg8 24. Ne3 Ra8 25. Red1 Qc7 26. Ra2 Rad8 (26... Rfd8
{may have been played, since white doesn't take the a-pawn}) 27. Rad2 Nb6 {
and the remaining moves were indecipherable. White won on move 45.} 1-0

[Event "Washington Open"]
[Site "Redmond, WA"]
[Date "2008.05.26"]
[Round "3"]
[White "Raptis, Nick"]
[Black "Pupols, Viktors"]
[Result "1/2-1/2"]
[WhiteElo "2306"]
[BlackElo "2214"]
[PlyCount "66"]
[EventDate "2008.05.??"]
[SourceDate "2008.05.24"]

1. d4 d5 2. Nf3 e6 3. g3 Nf6 4. Bg2 Be7 5. O-O O-O 6. c4 dxc4 7. Qc2 a6 8. Qxc4
b5 9. Qc2 Bb7 10. Bd2 Nbd7 11. Ba5 Rc8 12. b4 Qe8 13. Nbd2 Nd5 14. a3 f5 15. e4
N5b6 16. Bxb6 Nxb6 17. Ne5 Bd6 18. Rac1 f4 19. Nc6 Bxc6 20. Qxc6 e5 21. Nf3 Nc4
22. Qd5+ Kh8 23. dxe5 Nxe5 24. Nxe5 Qxe5 25. Qxe5 Bxe5 26. Rc6 Rf6 27. Rfc1
Rcf8 28. g4 f3 29. Bf1 h6 30. R1c2 Re8 31. Rxf6 gxf6 32. Rc6 Ra8 33. Rc2 Rd8
1/2-1/2